NBA MVP Top 10 Voting (1976-2025) - Statistics

General Stats
  • This quiz has been taken 86 times
  • The average score is 437 of 498
Answer Stats
Year Rank Team Position Player % Correct
2014-15 5. NOP PF Anthony Davis
100%
2016-17 T9. NOP C Anthony Davis
100%
2017-18 3. NOP PF Anthony Davis
100%
2019-20 6. LAL PF Anthony Davis
100%
2015-16 8. POR PG Damian Lillard
100%
2017-18 4. POR PG Damian Lillard
100%
2018-19 6. POR PG Damian Lillard
100%
2019-20 8. POR PG Damian Lillard
100%
2020-21 7. POR PG Damian Lillard
100%
2015-16 7. GSW PF Draymond Green
100%
2016-17 5. BOS PG Isaiah Thomas
100%
1983-84 5. DET PG Isiah Thomas
100%
1984-85 9. DET PG Isiah Thomas
100%
1985-86 9. DET PG Isiah Thomas
100%
1986-87 8. DET PG Isiah Thomas
100%
2009-10 2. OKC SF Kevin Durant
100%
2010-11 5. OKC SF Kevin Durant
100%
2011-12 2. OKC SF Kevin Durant
100%
2012-13 2. OKC SF Kevin Durant
100%
2013-14 1. OKC SF Kevin Durant
100%
2015-16 5. OKC SF Kevin Durant
100%
2016-17 T9. GSW SF Kevin Durant
100%
2017-18 7. GSW SF Kevin Durant
100%
2018-19 8. GSW SF Kevin Durant
100%
2023-24 9. PHX SF Kevin Durant
100%
2003-04 9. CLE SF LeBron James
100%
2004-05 6. CLE SF LeBron James
100%
2005-06 2. CLE SF LeBron James
100%
2006-07 5. CLE SF LeBron James
100%
2007-08 4. CLE SF LeBron James
100%
2008-09 1. CLE SF LeBron James
100%
2009-10 1. CLE SF LeBron James
100%
2010-11 3. MIA SF LeBron James
100%
2011-12 1. MIA SF LeBron James
100%
2012-13 1. MIA SF LeBron James
100%
2013-14 2. MIA SF LeBron James
100%
2014-15 3. CLE SF LeBron James
100%
2015-16 3. CLE SF LeBron James
100%
2016-17 4. CLE SF LeBron James
100%
2017-18 2. CLE SF LeBron James
100%
2019-20 2. LAL SF LeBron James
100%
2024-25 6. LAL SF LeBron James
100%
2019-20 4. DAL PG Luka Doncic
100%
2020-21 6. DAL PG Luka Doncic
100%
2021-22 5. DAL PG Luka Doncic
100%
2022-23 8. DAL PG Luka Doncic
100%
2023-24 3. DAL PG Luka Doncic
100%
2018-19 4. DEN C Nikola Jokic
100%
2019-20 9. DEN C Nikola Jokic
100%
2020-21 1. DEN C Nikola Jokic
100%
2021-22 1. DEN C Nikola Jokic
100%
2022-23 2. DEN C Nikola Jokic
100%
2023-24 1. DEN C Nikola Jokic
100%
2024-25 2. DEN C Nikola Jokic
100%
2013-14 6. GSW PG Stephen Curry
100%
2014-15 1. GSW PG Stephen Curry
100%
2015-16 1. GSW PG Stephen Curry
100%
2016-17 6. GSW PG Stephen Curry
100%
2018-19 5. GSW PG Stephen Curry
100%
2020-21 3. GSW PG Stephen Curry
100%
2021-22 8. GSW PG Stephen Curry
100%
2022-23 9. GSW PG Stephen Curry
100%
2024-25 9. GSW PG Stephen Curry
100%
1977-78 5. PHX SF Walter Davis
100%
1978-79 10. PHX SF Walter Davis
100%
2007-08 2. NOH PG Chris Paul
98%
2008-09 5. NOH PG Chris Paul
98%
2011-12 3. LAC PG Chris Paul
98%
2012-13 4. LAC PG Chris Paul
98%
2013-14 7. LAC PG Chris Paul
98%
2014-15 6. LAC PG Chris Paul
98%
2015-16 6. LAC PG Chris Paul
98%
2019-20 7. OKC PG Chris Paul
98%
2020-21 5. PHX PG Chris Paul
98%
2021-22 9. PHX PG Chris Paul
98%
2016-17 T7. MIL SF Giannis Antetokounmpo
98%
2017-18 6. MIL PF Giannis Antetokounmpo
98%
2018-19 1. MIL PF Giannis Antetokounmpo
98%
2019-20 1. MIL PF Giannis Antetokounmpo
98%
2020-21 4. MIL PF Giannis Antetokounmpo
98%
2021-22 3. MIL PF Giannis Antetokounmpo
98%
2022-23 3. MIL PF Giannis Antetokounmpo
98%
2023-24 4. MIL PF Giannis Antetokounmpo
98%
2024-25 3. MIL PF Giannis Antetokounmpo
98%
2012-13 8. HOU SG James Harden
98%
2013-14 5. HOU SG James Harden
98%
2014-15 2. HOU SG James Harden
98%
2015-16 9. HOU SG James Harden
98%
2016-17 2. HOU SG James Harden
98%
2017-18 1. HOU SG James Harden
98%
2018-19 2. HOU SG James Harden
98%
2019-20 3. HOU SG James Harden
98%
2018-19 7. PHI C Joel Embiid
98%
2020-21 2. PHI C Joel Embiid
98%
2021-22 2. PHI C Joel Embiid
98%
2022-23 1. PHI C Joel Embiid
98%
2015-16 2. SAS SF Kawhi Leonard
98%
2016-17 3. SAS SF Kawhi Leonard
98%
2018-19 9. TOR SF Kawhi Leonard
98%
2019-20 5. LAC SF Kawhi Leonard
98%
2014-15 10. GSW SG Klay Thompson
98%
2012-13 9. OKC PG Russell Westbrook
98%
2014-15 4. OKC PG Russell Westbrook
98%
2015-16 4. OKC PG Russell Westbrook
98%
2016-17 1. OKC PG Russell Westbrook
98%
2017-18 5. OKC PG Russell Westbrook
98%
2018-19 10. OKC PG Russell Westbrook
98%
1997-98 5. SAS PF Tim Duncan
98%
1998-99 3. SAS PF Tim Duncan
98%
1999-00 5. SAS PF Tim Duncan
98%
2000-01 2. SAS PF Tim Duncan
98%
2001-02 1. SAS PF Tim Duncan
98%
2002-03 1. SAS PF Tim Duncan
98%
2003-04 2. SAS PF Tim Duncan
98%
2004-05 4. SAS C Tim Duncan
98%
2005-06 8. SAS C Tim Duncan
98%
2006-07 4. SAS C Tim Duncan
98%
2007-08 7. SAS C Tim Duncan
98%
2012-13 7. SAS C Tim Duncan
98%
2023-24 7. MIN SG Anthony Edwards
97%
2024-25 T7. MIN SG Anthony Edwards
97%
1989-90 6. SAS C David Robinson
97%
1990-91 3. SAS C David Robinson
97%
1991-92 3. SAS C David Robinson
97%
1992-93 6. SAS C David Robinson
97%
1993-94 2. SAS C David Robinson
97%
1994-95 1. SAS C David Robinson
97%
1995-96 2. SAS C David Robinson
97%
1997-98 7. SAS C David Robinson
97%
2000-01 10. SAS C David Robinson
97%
1976-77 T7. DEN SG David Thompson
97%
1977-78 3. DEN SG David Thompson
97%
1978-79 T8. DEN SG David Thompson
97%
2001-02 8. DAL PF Dirk Nowitzki
97%
2002-03 7. DAL PF Dirk Nowitzki
97%
2004-05 3. DAL PF Dirk Nowitzki
97%
2005-06 3. DAL PF Dirk Nowitzki
97%
2006-07 1. DAL PF Dirk Nowitzki
97%
2008-09 10. DAL PF Dirk Nowitzki
97%
2009-10 7. DAL PF Dirk Nowitzki
97%
2010-11 6. DAL PF Dirk Nowitzki
97%
2022-23 6. CLE SG Donovan Mitchell
97%
2024-25 5. CLE SG Donovan Mitchell
97%
2004-05 8. MIA SG Dwayne Wade
97%
2005-06 6. MIA SG Dwayne Wade
97%
2008-09 3. MIA SG Dwayne Wade
97%
2009-10 5. MIA SG Dwayne Wade
97%
2010-11 7. MIA SG Dwayne Wade
97%
2011-12 10. MIA SG Dwayne Wade
97%
2012-13 10. MIA SG Dwayne Wade
97%
2021-22 7. MEM PG Ja Morant
97%
1975-76 1. LAL C Kareem Abdul-Jabbar
97%
1976-77 1. LAL C Kareem Abdul-Jabbar
97%
1977-78 4. LAL C Kareem Abdul-Jabbar
97%
1978-79 4. LAL C Kareem Abdul-Jabbar
97%
1979-80 1. LAL C Kareem Abdul-Jabbar
97%
1980-81 3. LAL C Kareem Abdul-Jabbar
97%
1981-82 10. LAL C Kareem Abdul-Jabbar
97%
1982-83 10. LAL C Kareem Abdul-Jabbar
97%
1983-84 4. LAL C Kareem Abdul-Jabbar
97%
1984-85 4. LAL C Kareem Abdul-Jabbar
97%
1985-86 5. LAL C Kareem Abdul-Jabbar
97%
1998-99 10. MIN PF Kevin Garnett
97%
1999-00 2. MIN PF Kevin Garnett
97%
2000-01 5. MIN PF Kevin Garnett
97%
2002-03 2. MIN PF Kevin Garnett
97%
2003-04 1. MIN PF Kevin Garnett
97%
2006-07 T9. MIN PF Kevin Garnett
97%
2007-08 3. BOS PF Kevin Garnett
97%
2000-01 9. LAL SG Kobe Bryant
97%
2001-02 5. LAL SG Kobe Bryant
97%
2002-03 3. LAL SG Kobe Bryant
97%
2003-04 5. LAL SG Kobe Bryant
97%
2005-06 4. LAL SG Kobe Bryant
97%
2006-07 3. LAL SG Kobe Bryant
97%
2007-08 1. LAL SG Kobe Bryant
97%
2008-09 2. LAL SG Kobe Bryant
97%
2009-10 3. LAL SG Kobe Bryant
97%
2010-11 4. LAL SG Kobe Bryant
97%
2011-12 4. LAL SG Kobe Bryant
97%
2012-13 5. LAL SG Kobe Bryant
97%
2014-15 T8. MEM C Marc Gasol
97%
1984-85 6. CHI SG Michael Jordan
97%
1986-87 2. CHI SG Michael Jordan
97%
1987-88 1. CHI SG Michael Jordan
97%
1988-89 2. CHI SG Michael Jordan
97%
1989-90 3. CHI SG Michael Jordan
97%
1990-91 1. CHI SG Michael Jordan
97%
1991-92 1. CHI SG Michael Jordan
97%
1992-93 3. CHI SG Michael Jordan
97%
1995-96 1. CHI SG Michael Jordan
97%
1996-97 2. CHI SG Michael Jordan
97%
1997-98 1. CHI SG Michael Jordan
97%
2013-14 9. IND SF Paul George
97%
2018-19 3. OKC SF Paul George
97%
2020-21 10. UTA C Rudy Gobert
97%
1992-93 7. ORL C Shaquille O'Neal
97%
1993-94 4. ORL C Shaquille O'Neal
97%
1994-95 2. ORL C Shaquille O'Neal
97%
1995-96 T9. ORL C Shaquille O'Neal
97%
1996-97 T9. LAL C Shaquille O'Neal
97%
1997-98 4. LAL C Shaquille O'Neal
97%
1998-99 6. LAL C Shaquille O'Neal
97%
1999-00 1. LAL C Shaquille O'Neal
97%
2000-01 3. LAL C Shaquille O'Neal
97%
2001-02 3. LAL C Shaquille O'Neal
97%
2002-03 5. LAL C Shaquille O'Neal
97%
2003-04 6. LAL C Shaquille O'Neal
97%
2004-05 2. MIA C Shaquille O'Neal
97%
2004-05 1. PHX PG Steve Nash
97%
2005-06 1. PHX PG Steve Nash
97%
2006-07 2. PHX PG Steve Nash
97%
2007-08 9. PHX PG Steve Nash
97%
2009-10 8. PHX PG Steve Nash
97%
2011-12 9. PHX PG Steve Nash
97%
2005-06 9. SAS PG Tony Parker
97%
2008-09 8. SAS PG Tony Parker
97%
2011-12 5. SAS PG Tony Parker
97%
2012-13 6. SAS PG Tony Parker
97%
1977-78 T8. NOJ PF Truck Robinson
97%
1998-99 4. PHI PG Allen Iverson
95%
1999-00 7. PHI PG Allen Iverson
95%
2000-01 1. PHI PG Allen Iverson
95%
2001-02 9. PHI PG Allen Iverson
95%
2002-03 6. PHI PG Allen Iverson
95%
2004-05 5. PHI PG Allen Iverson
95%
2024-25 T7. DET PG Cade Cunningham
95%
2017-18 8. TOR SG DeMar DeRozan
95%
2021-22 10. CHI PF DeMar DeRozan
95%
1985-86 4. HOU C Hakeem Olajuwon
95%
1986-87 7. HOU C Hakeem Olajuwon
95%
1987-88 7. HOU C Hakeem Olajuwon
95%
1988-89 5. HOU C Hakeem Olajuwon
95%
1989-90 7. HOU C Hakeem Olajuwon
95%
1992-93 2. HOU C Hakeem Olajuwon
95%
1993-94 1. HOU C Hakeem Olajuwon
95%
1994-95 5. HOU C Hakeem Olajuwon
95%
1995-96 4. HOU C Hakeem Olajuwon
95%
1996-97 7. HOU C Hakeem Olajuwon
95%
2021-22 6. BOS SF Jayson Tatum
95%
2022-23 4. BOS SF Jayson Tatum
95%
2023-24 6. BOS SF Jayson Tatum
95%
2024-25 4. BOS SF Jayson Tatum
95%
2017-18 10. MIN SG Jimmy Butler
95%
2022-23 10. MIA SF Jimmy Butler
95%
1987-88 8. UTA PF Karl Malone
95%
1988-89 3. UTA PF Karl Malone
95%
1989-90 4. UTA PF Karl Malone
95%
1990-91 5. UTA PF Karl Malone
95%
1991-92 4. UTA PF Karl Malone
95%
1992-93 T8. UTA PF Karl Malone
95%
1993-94 T7. UTA PF Karl Malone
95%
1994-95 3. UTA PF Karl Malone
95%
1995-96 7. UTA PF Karl Malone
95%
1996-97 1. UTA PF Karl Malone
95%
1997-98 2. UTA PF Karl Malone
95%
1998-99 1. UTA PF Karl Malone
95%
1999-00 4. UTA PF Karl Malone
95%
2000-01 7. UTA PF Karl Malone
95%
1976-77 6. BUF/HOU C Moses Malone
95%
1978-79 1. HOU C Moses Malone
95%
1979-80 9. HOU C Moses Malone
95%
1980-81 4. HOU C Moses Malone
95%
1981-82 1. HOU C Moses Malone
95%
1982-83 1. PHI C Moses Malone
95%
1983-84 10. PHI C Moses Malone
95%
1984-85 3. PHI C Moses Malone
95%
1985-86 10. PHI C Moses Malone
95%
1986-87 10. WSB C Moses Malone
95%
1991-92 9. CHI SF Scottie Pippen
95%
1993-94 3. CHI SF Scottie Pippen
95%
1994-95 7. CHI SF Scottie Pippen
95%
1995-96 5. CHI SF Scottie Pippen
95%
1997-98 10. CHI SF Scottie Pippen
95%
2022-23 5. OKC PG Shai Gilgeous-Alexander
95%
2023-24 2. OKC PG Shai Gilgeous-Alexander
95%
2024-25 1. OKC PG Shai Gilgeous-Alexander
95%
2013-14 3. LAC PF Blake Griffin
94%
2014-15 T8. LAC PF Blake Griffin
94%
2010-11 1. CHI PG Derrick Rose
94%
2020-21 9. DET/NYK PG Derrick Rose
94%
2021-22 4. PHX SG Devin Booker
94%
2007-08 5. ORL C Dwight Howard
94%
2008-09 4. ORL C Dwight Howard
94%
2009-10 4. ORL C Dwight Howard
94%
2010-11 2. ORL C Dwight Howard
94%
2011-12 7. ORL C Dwight Howard
94%
1979-80 4. BOS SF Larry Bird
94%
1980-81 2. BOS SF Larry Bird
94%
1981-82 2. BOS SF Larry Bird
94%
1982-83 2. BOS SF Larry Bird
94%
1983-84 1. BOS SF Larry Bird
94%
1984-85 1. BOS SF Larry Bird
94%
1985-86 1. BOS SF Larry Bird
94%
1986-87 3. BOS SF Larry Bird
94%
1987-88 2. BOS SF Larry Bird
94%
1990-91 T9. BOS SF Larry Bird
94%
1981-82 8. LAL PG Magic Johnson
94%
1982-83 3. LAL PG Magic Johnson
94%
1983-84 3. LAL PG Magic Johnson
94%
1984-85 2. LAL PG Magic Johnson
94%
1985-86 3. LAL PG Magic Johnson
94%
1986-87 1. LAL PG Magic Johnson
94%
1987-88 3. LAL PG Magic Johnson
94%
1988-89 1. LAL PG Magic Johnson
94%
1989-90 1. LAL PG Magic Johnson
94%
1990-91 2. LAL PG Magic Johnson
94%
1988-89 4. NYK C Patrick Ewing
94%
1989-90 5. NYK C Patrick Ewing
94%
1991-92 5. NYK C Patrick Ewing
94%
1992-93 4. NYK C Patrick Ewing
94%
1993-94 5. NYK C Patrick Ewing
94%
1994-95 4. NYK C Patrick Ewing
94%
1996-97 8. NYK C Patrick Ewing
94%
2004-05 T9. PHX C Amare Stoudemire
92%
2007-08 6. PHX PF Amare Stoudemire
92%
2009-10 10. PHX PF Amare Stoudemire
92%
2010-11 9. NYK C Amare Stoudemire
92%
2009-10 6. DEN SF Carmelo Anthony
92%
2012-13 3. NYK SF Carmelo Anthony
92%
1993-94 6. SEA PG Gary Payton
92%
1994-95 9. SEA PG Gary Payton
92%
1995-96 6. SEA PG Gary Payton
92%
1996-97 6. SEA PG Gary Payton
92%
1997-98 3. SEA PG Gary Payton
92%
1998-99 9. SEA PG Gary Payton
92%
1999-00 6. SEA PG Gary Payton
92%
2001-02 6. SEA PG Gary Payton
92%
2023-24 5. NYK PG Jalen Brunson
92%
1998-99 5. PHX PG Jason Kidd
92%
2000-01 8. PHX PG Jason Kidd
92%
2001-02 2. NJN PG Jason Kidd
92%
2002-03 9. NJN PG Jason Kidd
92%
2003-04 8. NJN PG Jason Kidd
92%
1987-88 10. UTA PG John Stockton
92%
1988-89 7. UTA PG John Stockton
92%
1989-90 9. UTA PG John Stockton
92%
1994-95 8. UTA PG John Stockton
92%
1976-77 5. PHI SF Julius Erving
92%
1977-78 10. PHI SF Julius Erving
92%
1979-80 2. PHI SF Julius Erving
92%
1980-81 1. PHI SF Julius Erving
92%
1981-82 3. PHI SF Julius Erving
92%
1982-83 5. PHI SF Julius Erving
92%
1983-84 6. PHI SF Julius Erving
92%
2015-16 10. TOR PG Kyle Lowry
92%
2007-08 10. SAS SG Manu Ginobili
92%
2010-11 8. SAS SG Manu Ginobili
92%
2000-01 6. ORL SG Tracy McGrady
92%
2001-02 4. ORL SG Tracy McGrady
92%
2002-03 4. ORL SG Tracy McGrady
92%
2004-05 7. HOU SG Tracy McGrady
92%
2006-07 6. HOU SG Tracy McGrady
92%
2007-08 8. HOU SG Tracy McGrady
92%
2022-23 7. SAC C Domantas Sabonis
91%
2023-24 8. SAC C Domantas Sabonis
91%
2016-17 T7. WAS PG John Wall
91%
1985-86 6. PHI PF Charles Barkley
89%
1986-87 6. PHI PF Charles Barkley
89%
1987-88 4. PHI PF Charles Barkley
89%
1988-89 6. PHI PF Charles Barkley
89%
1989-90 2. PHI PF Charles Barkley
89%
1990-91 4. PHI PF Charles Barkley
89%
1992-93 1. PHX PF Charles Barkley
89%
1993-94 10. PHX PF Charles Barkley
89%
1994-95 6. PHX PF Charles Barkley
89%
2003-04 3. IND C Jermaine O'Neal
89%
2008-09 7. BOS SF Paul Pierce
89%
2010-11 10. BOS PG Rajon Rondo
89%
2011-12 8. BOS PG Rajon Rondo
89%
2024-25 10. CLE C Evan Mobley
88%
1998-99 2. MIA C Alonzo Mourning
86%
1999-00 3. MIA C Alonzo Mourning
86%
2001-02 10. DET C Ben Wallace
86%
2002-03 8. DET C Ben Wallace
86%
2003-04 7. DET C Ben Wallace
86%
1979-80 T5. SEA PG Dennis Johnson
86%
1980-81 8. PHX PG Dennis Johnson
86%
2020-21 8. NYK PF Julius Randle
86%
1988-89 8. PHX PG Kevin Johnson
86%
1990-91 7. PHX PG Kevin Johnson
86%
2013-14 10. POR PF LaMarcus Aldridge
86%
2014-15 7. POR PF LaMarcus Aldridge
86%
2017-18 9. SAS PF LaMarcus Aldridge
86%
1980-81 6. MIL SF Marques Johnson
86%
2013-14 4. CHI C Joakim Noah
85%
2011-12 6. MIN PF Kevin Love
85%
1994-95 10. ORL PG Anfernee Hardaway
83%
1995-96 3. ORL PG Anfernee Hardaway
83%
2005-06 5. DET PG Chauncey Billups
83%
2008-09 6. DET/DEN PG Chauncey Billups
83%
1987-88 5. POR SG Clyde Drexler
83%
1990-91 6. POR SG Clyde Drexler
83%
1991-92 2. POR SG Clyde Drexler
83%
1985-86 2. ATL SF Dominique Wilkins
83%
1986-87 5. ATL SF Dominique Wilkins
83%
1987-88 6. ATL SF Dominique Wilkins
83%
1990-91 8. ATL SF Dominique Wilkins
83%
1992-93 5. ATL SF Dominique Wilkins
83%
1991-92 8. GSW PG Tim Hardaway
83%
1996-97 4. MIA PG Tim Hardaway
83%
1997-98 6. MIA PG Tim Hardaway
83%
2006-07 7. TOR PF Chris Bosh
82%
1998-99 7. SAC PF Chris Webber
82%
1999-00 9. SAC PF Chris Webber
82%
2000-01 4. SAC PF Chris Webber
82%
2001-02 7. SAC PF Chris Webber
82%
2002-03 10. SAC PF Chris Webber
82%
2019-20 10. TOR PF Pascal Siakam
82%
2004-05 T9. SEA SG Ray Allen
82%
1999-00 10. TOR SF Vince Carter
82%
1976-77 2. POR C Bill Walton
80%
1977-78 1. POR C Bill Walton
80%
1991-92 10. DET PF Dennis Rodman
79%
1986-87 4. BOS PF Kevin McHale
79%
1977-78 2. SAS SG George Gervin
77%
1978-79 2. SAS SF George Gervin
77%
1979-80 3. SAS SG George Gervin
77%
1980-81 5. SAS SG George Gervin
77%
1981-82 6. SAS SG George Gervin
77%
1982-83 9. SAS SG George Gervin
77%
1982-83 6. DEN SF Alex English
76%
1985-86 8. DEN SF Alex English
76%
1993-94 T7. SEA PF Shawn Kemp
76%
1995-96 8. SEA PF Shawn Kemp
76%
1975-76 2. BUF C Bob McAdoo
74%
2006-07 8. WAS PG Gilbert Arenas
74%
1980-81 7. BOS C Robert Parish
74%
1981-82 4. BOS C Robert Parish
74%
1992-93 10. DET SG Joe Dumars
73%
1982-83 7. NJN PF Buck Williams
71%
1989-90 10. POR PF Buck Williams
71%
2009-10 9. UTA PG Deron Williams
71%
1979-80 8. SEA PG Gus Williams
71%
1981-82 5. SEA PG Gus Williams
71%
1975-76 4. GSW SF Rick Barry
71%
1995-96 T9. DET SF Grant Hill
68%
1996-97 3. DET SF Grant Hill
68%
1997-98 9. DET SF Grant Hill
68%
1998-99 8. DET SF Grant Hill
68%
1999-00 8. DET SF Grant Hill
68%
2008-09 9. POR SG Brandon Roy
67%
2005-06 10. PHX SF Shawn Marion
62%
1975-76 8. WSB PF Elvin Hayes
61%
1976-77 T7. WSB C Elvin Hayes
61%
1978-79 3. WSB C Elvin Hayes
61%
1988-89 10. CLE PG Mark Price
61%
1991-92 7. CLE PG Mark Price
61%
1992-93 T8. CLE PG Mark Price
61%
1993-94 9. CLE PG Mark Price
61%
1983-84 2. NYK SF Bernard King
58%
1984-85 7. NYK SF Bernard King
58%
1991-92 6. GSW SF Chris Mullin
58%
1975-76 3. BOS C Dave Cowens
56%
2003-04 4. SAC SF Peja Stojakovic
56%
1976-77 10. CHI C Artis Gilmore
55%
1977-78 T8. CHI C Artis Gilmore
55%
1982-83 8. SAS C Artis Gilmore
55%
1981-82 7. MIL SG Sidney Moncrief
55%
1982-83 4. MIL SG Sidney Moncrief
55%
1983-84 8. MIL SG Sidney Moncrief
55%
1984-85 8. MIL SG Sidney Moncrief
55%
1985-86 7. MIL SG Sidney Moncrief
55%
1996-97 5. CHH SF Glen Rice
52%
1976-77 3. NOJ SG Pete Maravich
52%
2013-14 8. CHA C Al Jefferson
48%
2006-07 T9. UTA PF Carlos Boozer
48%
2005-06 7. LAC PF Elton Brand
48%
1984-85 10. HOU PF Ralph Sampson
48%
1983-84 7. UTA SF Adrian Dantley
42%
2003-04 10. MIN PG Sam Cassell
42%
1975-76 T9. KCK PG Tiny Archibald
42%
1979-80 T5. BOS PG Tiny Archibald
42%
1980-81 9. BOS PG Tiny Archibald
42%
1988-89 9. PHX PF Tom Chambers
38%
1989-90 8. PHX PF Tom Chambers
38%
1976-77 4. DET C Bob Lanier
36%
1986-87 9. DEN PG Fat Lever
35%
1987-88 9. DEN SG Fat Lever
35%
1978-79 7. SEA C Jack Sikma
35%
1981-82 9. SEA C Jack Sikma
35%
1984-85 5. MIL SF Terry Cummings
33%
1975-76 7. GSW SG Phil Smith
32%
1990-91 T9. POR PG Terry Porter
32%
1978-79 6. SDC PG World B. Free
32%
1975-76 6. WSB PG Dave Bing
27%
1980-81 10. LAL SF Jamaal Wilkes
27%
1976-77 9. POR PF Maurice Lucas
26%
1977-78 T6. POR PF Maurice Lucas
26%
1996-97 T9. CHH PF Anthony Mason
17%
1978-79 5. WSB SF Bob Dandridge
17%
1977-78 T6. PHX SG Paul Westphal
17%
1975-76 5. PHI PF George McGinnis
15%
1997-98 8. SEA C Vin Baker
15%
1983-84 9. WSB C Jeff Ruland
9%
1979-80 T5. ATL PF Dan Roundfield
6%
1975-76 T9. CLE C Jim Chones
5%
1978-79 T8. KCK PG Phil Ford
5%
No matching quizzes found
Score Distribution
Percent of People with Each Score
Percentile by Number Answered
Your Score History
You have not taken this quiz